Bilecik Bilecik Bilecik Bilecik Bilecik

Futbolun anatomisi/ (Record no. 8763)

MARC details
000 -BAŞLIK
Sabit Uzunluktaki Kontrol Alanı 01830nam a22003497a 4500
001 - KONTROL NUMARASI
Control Dosyası 0008791
003 - KONTROL NUMARASI KİMLİĞİ
Kontrol Alanı KOHA_MİRAKIL
005 - EN SON İŞLEM TARİHİ ve ZAMANI
Kontrol Alanı 20260207001648.0
007 - FİZİKSEL TANIM SABİT ALAN - GENEL BİLGİ
Sabit uzunluklu kontrol alanı ta
008 - SABİT UZUNLUKTAKİ VERİ ÖGELERİ - GENEL BİLGİ
Sabit Alan 091013b2006 tu |||gr||||#||||0|tur |
020 ## - ISBN - ULUSLARARASI STANDART KİTAP NUMARASI
Isbn 9754375518
040 ## - KATALOGLAMA KAYNAĞI
Özgün Kataloglama Kurumu TR-BiSEU
Kataloglama Dili tur
Çeviri Kurumu TR-BiSEU
Açıklama Kuralları rda
041 0# - DİL KODU
Metin ya da ses kaydının dil kodu tur
044 ## - YAYINLAYAN/ÜRETEN KURULUŞUN ÜLKE KODU
ISO country code tu
050 ## - SINIFLAMA ve YER NUMARASI
Sınıflama Numarası GV944.T9
Yer Numarası D66 2006
100 1# - KİŞİ ADI
Yazar Adı (Kişi adı) Donuk, Bilge.
245 1# - ESER ADI BİLDİRİMİ
Başlık Futbolun anatomisi/
Sorumluluk Bildirimi Bilge Donuk ; Bilge Donuk, Fatih S. Senduran.
264 #1 - ÜRERİM, YAYIN, DAĞITIM ve TELİF BİLDİRİMİ
Yayın yeri İstanbul :
Yayınlayan Ötüken
Yayın tarihi 2006
300 ## - FİZİKSEL TANIMLAMA
Sayfa, Cilt vb. 202 sayfa; 23 cm.
336 ## - İÇERİK TÜRÜ
Content type term metin
Content type code txt
Source rdacontent
337 ## - MEDYA TÜRÜ
Media type term aracısız
Media type code n
Source rdamedia
338 ## - TAŞIYICI TÜRÜ
Carrier type term cilt
Carrier type code nc
Source rdacarrier
490 1# - DİZİ BİLDİRİMİ
Dizi Bildirimi Yayın ;
Cilt Numarası nu: 629.
490 1# - DİZİ BİLDİRİMİ
Dizi Bildirimi Kültür serisi ;
Cilt Numarası 290.
500 ## - GENEL NOT
Genel Not Kaynakça var.
505 ## - İÇİNDEKİLER NOTU
İçindekiler Notu Futbola dairdir. Futbolun doğuşundan başlayarak günümüze kadar geçen sürede yaşananları özetlenir. Futbolla ilgili toplumsal ve teknolojik olgular başlıklar altında incelenir. Futbol ve medya ilişkisi nasıl kurulur sorusuna cevap arar. Fair Play ruhuna aykırı davranışlar olarak tespit edilen şiddet, ayrımcılık, ırkçılık, doping, şike, teşvik primi, bahis, küfür gibi menfi davranış ve durumları tahlil eder. Futbol yüzünden savaşan ülkeleri, futbolun dost ya da düşman ülkeler arasındaki ilişkilere yansımasını, futbol sahalarında yaşanmış ölümcül olayları ele alır. Çok bilinen iki kavramla, küreselleşme ve internetle, futbol arasındaki etkileşimi araştırır. Eser, futbol sahalarında yaşanmış ilginç olaylardan oluşan bir derlemeyle sonuçlanır. Futbolu yeni bir gözle izleyeceksiniz.
650 #0 - KONU BAŞLIĞI EK GİRİŞ - KONU TERİMİ
Konusal terim veya coğrafi ad Soccer--Turkey.
9 (RLIN) 17642
650 #0 - KONU BAŞLIĞI EK GİRİŞ - KONU TERİMİ
Konusal terim veya coğrafi ad Soccer--History.
9 (RLIN) 22100
830 1# - SERİ EK GİRİŞİ - TEKBİÇİM ESER ADI
Tekbiçim Başlık Yayın ;
Volume number/sequential designation nu: 629.
9 (RLIN) 1557
830 1# - SERİ EK GİRİŞİ - TEKBİÇİM ESER ADI
Tekbiçim Başlık Kültür serisi ;
Volume number/sequential designation 290.
9 (RLIN) 5523
942 ## - EK GİRİŞ ÖGELERİ (KOHA)
Source of classification or shelving scheme Library of Congress Classification
Koha item type Book
Holdings
Materyal Türü Kalıcı Konum Mevcut Konum Raf Yeri Sınıflandırma Kaynağı Edinim Bilgisi Ana Konular Alt Konular Yer Numarası Demirbaş Numarası Fatura Tarihi Maliyet, Alış Fiyatı Maliyet, Yenileme Fiyatı Geri Çekilme Durumu Kayıp Durumu Hasarlı Durumu Kredi için değil Kayıt Tarih Toplam Ödünçverme Son Görülme Tarihi Son Kontrol Tarihi Genel / Bağış Notu
Book Prof. Dr. Azmi Özcan Kütüphanesi Prof. Dr. Azmi Özcan Kütüphanesi Uluğbey Salonu Library of Congress Classification Bağış COĞRAFYA, ANTROPOLOJİ, REKREASYON Rekreasyon, Boş Zaman Etkinlikleri GV944.T9 D66 2006 0008791 13/08/2010 10.00 10.00         13/10/2009 3 05/12/2024 05/12/2024 Genel Bağış